000 00564nam a2200181Ia 4500
003 GCL
008 140319s9999 xx 000 0 ara d
040 _aGCL /
_cGCL
082 0 4 _a371.624
_bع ت
100 1 _aعفاف عبدالكريم
245 1 0 _aالتدريس للتعلم فى التربية البدنية والرياضية /
_cعفاف عبدالكريم
260 _a[S.N] :
_bمنشاة المعارف الاسلامية ،
_c1990
300 _a517 ص
490 _a
650 0 4 _aالتعليم
650 0 4 _aالتدريس
942 _2ddc
_cBK
999 _c48082
_d48082